[Event "AUT-ch U18 Girls"]
[Site "Sankt Veit an der Glan"]
[Date "2019.04.15"]
[Round "3"]
[White "Konecny, Sophie"]
[Black "Pribozic, Sabrina"]
[Result "1-0"]
[WhiteElo "1892"]
[BlackElo "1520"]
[PlyCount "159"]
[EventDate "2019.04.14"]
[EventType "swiss"]
[EventRounds "7"]
[EventCountry "AUT"]
[SourceTitle "CBM 190 Extra"]
[Source "ChessBase"]
[SourceDate "2019.07.15"]
[SourceVersion "1"]
[SourceVersionDate "2019.07.15"]
[SourceQuality "1"]

1. d4 d5 2. c4 e6 3. Nf3 Nf6 4. g3 Be7 5. Bg2 0-0 6. 0-0 c6 7. Qc2 Nbd7 8. b3 b6 9. Rd1 Bb7 10. Nc3 Rc8 11. e4 Bb4 12. e5 Ne8 13. Bf4 h6 14. a3 Bxc3 15. Qxc3 c5 16. Rac1 Qe7 17. Qb2 f6 18. Ne1 cxd4 19. exf6 Nexf6 20. cxd5 Bxd5 21. Bxd5 Nxd5 22. Rxd4 Nxf4 23. Rxf4 Nf6 24. b4 Nd5 25. Rfc4 Rxc4 26. Rxc4 Qf7 27. Qe2 Qg6 28. Nd3 Qf6 29. Ne5 Qg5 30. Nf3 Qf6 31. Kg2 g5 32. Ne5 Qf5 33. Nc6 Qf7 34. Nd4 Re8 35. Nb5 Qd7 36. Rc2 a6 37. Nd4 Qb7 38. Kg1 e5 39. Nf5 Re6 40. Qh5 Kh7 41. h4 gxh4 42. Nxh4 Qe7 43. Qf5+ Kg7 44. Rc4 Qf7 45. Rg4+ Kf8 46. Ng6+ Ke8 47. Qc2 Qd7 48. Nh8 Nf6 49. Rc4 Qd6 50. Qg6+ Kd7 51. Qc2 Nd5 52. Nf7 Qb8 53. Qe4 Ke7 54. Nxh6 Nf6 55. Nf5+ Kd7 56. Qd3+ Ke8 57. Ng7+ Kf7 58. Nxe6 Kxe6 59. Rc6+ Kf7 60. Qc4+ Kg7 61. Rc7+ Kg6 62. Qf7+ Kg5 63. Rc6 Qd8 64. f4+ exf4 65. gxf4+ Kf5 66. Qxf6+ Qxf6 67. Rxf6+ Kxf6 68. Kf2 Kf5 69. Kf3 b5 70. Ke3 Kf6 71. Ke4 Ke6 72. f5+ Kf7 73. Ke5 Ke7 74. f6+ Kf7 75. Kf5 Kf8 76. Ke6 Ke8 77. f7+ Kf8 78. Kf6 a5 79. bxa5 b4 80. a6 1-0

[Event "AUT-chT (Women) 1819"]
[Site "Austria"]
[Date "2019.01.19"]
[Round "4.3"]
[White "Konecny, Sophie"]
[Black "Bernhard, Julia"]
[Result "1/2-1/2"]
[WhiteElo "1876"]
[BlackElo "1818"]
[PlyCount "83"]
[EventDate "2018.11.17"]
[EventType "team-swiss"]
[EventRounds "7"]
[EventCountry "AUT"]
[SourceTitle "CBM 189 Extra"]
[Source "ChessBase"]
[SourceDate "2019.06.03"]
[SourceVersion "1"]
[SourceVersionDate "2019.06.03"]
[SourceQuality "1"]
[WhiteTeam "Mayrhofen/Zillertal (W)"]
[BlackTeam "Steyr (W)"]
[WhiteTeamCountry "AUT"]
[BlackTeamCountry "AUT"]

1. d4 Nf6 2. c4 e5 3. dxe5 Ng4 4. e3 Nxe5 5. Nh3 d6 6. Nf4 Be7 7. Be2 c6 8. Nc3 Ng6 9. 0-0 Nxf4 10. exf4 0-0 11. Be3 Na6 12. Bd3 f5 13. Rc1 Nc7 14. Qc2 Kh8 15. Rfd1 Be6 16. Ne2 d5 17. c5 a6 18. Nd4 Qd7 19. Nf3 Bf6 20. Bd4 Rae8 21. Re1 Nb5 22. Bxb5 axb5 23. Ne5 Qc7 24. Re3 Kg8 25. Rce1 Bxe5 26. Rxe5 Qd7 27. R1e3 Bf7 28. h3 Rxe5 29. Rxe5 Bg6 30. Qe2 Re8 31. Kf1 Rxe5 32. Qxe5 Kf8 33. Qb8+ Be8 34. Be5 g6 35. Ke2 Kf7 36. Kd3 h6 37. h4 Qe7 38. Kd4 Qxh4 39. Qxb7+ Qe7 40. Qa8 Qh4 41. Qa7+ Ke6 42. Ke3 1/2-1/2

[Event "AUT-chT (Women) 1819"]
[Site "Austria"]
[Date "2018.11.17"]
[Round "1.2"]
[White "Zoehrer, Sarah"]
[Black "Konecny, Sophie"]
[Result "0-1"]
[WhiteElo "1705"]
[BlackElo "1876"]
[PlyCount "72"]
[EventDate "2018.11.17"]
[EventType "team-swiss"]
[EventRounds "7"]
[EventCountry "AUT"]
[SourceTitle "CBM 187 Extra"]
[Source "ChessBase"]
[SourceDate "2018.11.04"]
[SourceVersion "1"]
[SourceVersionDate "2018.11.04"]
[SourceQuality "1"]
[WhiteTeam "Feffernitz (W)"]
[BlackTeam "Mayrhofen/Zillertal (W)"]
[WhiteTeamCountry "AUT"]
[BlackTeamCountry "AUT"]

1. d4 Nf6 2. Bf4 e6 3. Nf3 d5 4. e3 Bd6 5. Bg3 0-0 6. Bd3 b6 7. c3 Bb7 8. Nbd2 Nbd7 9. Qc2 h6 10. 0-0-0 Qe7 11. Bh4 c5 12. g4 c4 13. Be2 g5 14. Bg3 Kg7 15. h3 Rh8 16. Nh2 e5 17. dxe5 Bxe5 18. Bxe5 Nxe5 19. Nhf3 Rad8 20. Nd4 Qd7 21. f4 Ng6 22. Rdf1 gxf4 23. exf4 Rde8 24. Bd1 Ne4 25. Rhg1 Nc5 26. f5 Nd3+ 27. Kb1 Ngf4 28. Rf3 Kf8 29. b3 b5 30. Nf1 Ne1 31. Qh2 Nxf3 32. Bxf3 Re1+ 33. Kc2 Nd3 34. Be2 Ra1 35. Qb8+ Kg7 36. Qxa7 Ra8 0-1

[Event "AUT-ch"]
[Site "Vienna"]
[Date "2018.07.29"]
[Round "9"]
[White "Charaus, Florian"]
[Black "Konecny, Sophie"]
[Result "1-0"]
[WhiteElo "2115"]
[BlackElo "1889"]
[PlyCount "169"]
[EventDate "2018.07.22"]
[EventType "swiss"]
[EventRounds "9"]
[EventCountry "AUT"]
[SourceTitle "CBM 185 Extra"]
[Source "ChessBase"]
[SourceDate "2018.07.29"]
[SourceVersion "1"]
[SourceVersionDate "2018.07.29"]
[SourceQuality "1"]

1. Nf3 d5 2. d3 Nf6 3. g3 Bg4 4. Bg2 c6 5. Nbd2 Nbd7 6. 0-0 e5 7. c4 Bd6 8. b3 0-0 9. Bb2 Re8 10. cxd5 cxd5 11. h3 Bh5 12. Rc1 Rc8 13. e4 Nc5 14. Qe2 Bb8 15. Rfd1 dxe4 16. Nxe4 Nfxe4 17. dxe4 Qb6 18. Qc4 Rc6 19. Rd5 Rec8 20. Rcd1 Bg6 21. Qb4 f6 22. Ba3 Qxb4 23. Bxb4 b6 24. Nh4 Bc7 25. Nf5 Bxf5 26. exf5 Na6 27. Ba3 Rc2 28. Rd7 Rb8 29. Bf1 b5 30. R1d2 Rxd2 31. Rxd2 b4 32. Bc1 Nc5 33. Rd5 Bb6 34. Be3 Rc8 35. Bc4 Kf8 36. Kg2 Ke7 37. Bb5 Rc7 38. h4 Kf7 39. Bc4 Ke7 40. Bb5 Kf7 41. Rd8 Ke7 42. Rh8 h6 43. Kf3 Kf7 44. Rd8 Ke7 45. Rg8 Kd6 46. Kg4 Rb7 47. Bc4 Re7 48. f3 e4 49. fxe4 Nxe4 50. Bf4+ Kc5 51. Rc8+ Kd4 52. Rc6 Rd7 53. Be6 Re7 54. Rc4+ Kd3 55. Rxb4 Nc3 56. a4 Ne2 57. Bd6 Re8 58. Rc4 Nd4 59. Rc8 Rxc8 60. Bxc8 Nxb3 61. Bf8 Nc5 62. a5 Bxa5 63. Bxc5 Be1 64. Ba6+ Ke4 65. Bf8 h5+ 66. Kh3 Kxf5 67. Bxg7 Bc3 68. Bh6 Bd4 69. Bf4 Kg6 70. Kg2 Kf5 71. Kf3 Kg6 72. Bd3+ Kg7 73. Bc7 Bc5 74. Kf4 Bf2 75. Kf5 Be3 76. Be2 Bf2 77. Bxh5 Be1 78. Be8 Bf2 79. Bf4 Bd4 80. h5 Bc3 81. Bd6 Be1 82. g4 Bd2 83. Be7 Bg5 84. Bxf6+ Bxf6 85. h6+ 1-0

[Event "AUT-ch"]
[Site "Vienna"]
[Date "2018.07.23"]
[Round "2"]
[White "Konecny, Sophie"]
[Black "Riemelmoser, Stefan"]
[Result "1-0"]
[WhiteElo "1889"]
[BlackElo "2074"]
[PlyCount "89"]
[EventDate "2018.07.22"]
[EventType "swiss"]
[EventRounds "9"]
[EventCountry "AUT"]
[SourceTitle "CBM 185 Extra"]
[Source "ChessBase"]
[SourceDate "2018.07.29"]
[SourceVersion "1"]
[SourceVersionDate "2018.07.29"]
[SourceQuality "1"]

1. d4 e6 2. c4 d5 3. Nf3 Nf6 4. g3 Be7 5. Bg2 0-0 6. 0-0 dxc4 7. Qc2 a6 8. a4 Bd7 9. Nbd2 Bc6 10. Nxc4 Bxf3 11. Bxf3 Nc6 12. e3 Nd5 13. Ne5 Nxe5 14. dxe5 Nb4 15. Qe2 c6 16. Bd2 Qc7 17. Bc3 Rfd8 18. a5 c5 19. Rfc1 Nd3 20. Rc2 Rab8 21. Be4 Nxe5 22. Bxh7+ Kxh7 23. Qh5+ Kg8 24. Bxe5 Bd6 25. Bxd6 Rxd6 26. Rxc5 Rc6 27. Rac1 Qd6 28. Rxc6 bxc6 29. Qc5 Qd2 30. Rc2 Qd1+ 31. Kg2 Rb5 32. Qxc6 Rxa5 33. Qa8+ Kh7 34. Qe4+ g6 35. Rc7 Kg7 36. Qxe6 Rf5 37. Qe4 Qe2 38. Qd4+ Kh7 39. e4 Qf3+ 40. Kg1 Ra5 41. b4 Ra3 42. Rc8 f6 43. Qd7+ Kh6 44. Rh8+ Kg5 45. h4# 1-0

[Event "AUT-chT (Women) 1718"]
[Site "Austria"]
[Date "2018.04.07"]
[Round "8.1"]
[White "Bas, Aydan"]
[Black "Konecny, Sophie"]
[Result "0-1"]
[WhiteElo "1497"]
[BlackElo "1830"]
[PlyCount "56"]
[EventDate "2017.11.24"]
[EventType "team-tourn"]
[EventRounds "9"]
[EventCountry "AUT"]
[SourceTitle "EXT 2019"]
[Source "ChessBase"]
[SourceDate "2018.10.10"]
[SourceVersion "1"]
[SourceVersionDate "2018.10.10"]
[SourceQuality "1"]
[WhiteTeam "Dornbirn (W)"]
[BlackTeam "Mayrhofen/Zillertal (W)"]
[WhiteTeamCountry "AUT"]
[BlackTeamCountry "AUT"]

1. Nf3 Nf6 2. d3 e6 3. e4 d5 4. Nbd2 c5 5. g3 b6 6. Bg2 Bb7 7. e5 Nfd7 8. 0-0 Be7 9. Re1 0-0 10. Nf1 Nc6 11. h4 Qe8 12. N1h2 f6 13. exf6 Bxf6 14. Ng5 Bxg5 15. Bxg5 Qf7 16. Qe2 Nd4 17. Qd2 h6 18. Bf4 Nf5 19. Nf3 Qf6 20. Ne5 Rad8 21. h5 Nh4 22. Ng4 Qf5 23. Qe2 Nxg2 24. Kxg2 d4+ 25. Kg1 e5 26. Nxe5 Rde8 27. Qg4 Nxe5 28. Qxf5 Rxf5 0-1

[Event "AUT-ch U16 Girls"]
[Site "St Veit"]
[Date "2018.03.28"]
[Round "6"]
[White "Enache, Dorothea"]
[Black "Konecny, Sophie"]
[Result "0-1"]
[WhiteElo "1295"]
[BlackElo "1815"]
[PlyCount "74"]
[EventDate "2018.03.25"]
[EventType "swiss"]
[EventRounds "7"]
[EventCountry "AUT"]
[SourceTitle "EXT 2019"]
[Source "ChessBase"]
[SourceDate "2018.10.10"]
[SourceVersion "1"]
[SourceVersionDate "2018.10.10"]
[SourceQuality "1"]

1. e4 e5 2. Nf3 Qe7 3. Nc3 Nf6 4. Bc4 d6 5. h3 c6 6. d3 h6 7. a3 g6 8. Ba2 Bg7 9. Be3 Na6 10. Qe2 Nc7 11. d4 Be6 12. dxe5 dxe5 13. Rd1 Bxa2 14. Nxa2 Nb5 15. c4 Nd6 16. Nc3 Ndxe4 17. Nxe4 Nxe4 18. Bxh6 Nc3 19. Bg5 Nxe2 20. Bxe7 Nf4 21. Bd6 Nxg2+ 22. Kf1 e4 23. Ng5 Nh4 24. b3 e3 25. fxe3 0-0-0 26. Ke2 Rd7 27. c5 Bh6 28. Ne4 Re8 29. Rd4 Nf5 30. Rb4 Re6 31. Rd1 Nxe3 32. Rd3 Nd5 33. Rbd4 f5 34. Kf2 fxe4 35. Rd1 e3+ 36. Ke1 e2 37. R1d3 Rf7 0-1

[Event "AUT-ch U16 Girls"]
[Site "St Veit"]
[Date "2018.03.27"]
[Round "4"]
[White "Konecny, Sophie"]
[Black "Moerwald, Magdalena"]
[Result "0-1"]
[WhiteElo "1815"]
[BlackElo "1790"]
[PlyCount "60"]
[EventDate "2018.03.25"]
[EventType "swiss"]
[EventRounds "7"]
[EventCountry "AUT"]
[SourceTitle "EXT 2019"]
[Source "ChessBase"]
[SourceDate "2018.10.10"]
[SourceVersion "1"]
[SourceVersionDate "2018.10.10"]
[SourceQuality "1"]

1. d4 Nf6 2. Nf3 c5 3. d5 e6 4. c4 exd5 5. cxd5 d6 6. g3 g6 7. Bg2 Bg7 8. 0-0 0-0 9. Nc3 a6 10. a4 Re8 11. Ng5 Qe7 12. Re1 h6 13. Nge4 Nxe4 14. Nxe4 Nd7 15. Ra3 Ne5 16. Rb3 Bf5 17. Nc3 Rab8 18. e4 Bd7 19. Qe2 c4 20. Ra3 Nd3 21. Rd1 b5 22. axb5 axb5 23. Ra7 Bd4 24. Ra6 Bxf2+ 25. Kh1 Bd4 26. Rxd3 cxd3 27. Qxd3 Bg7 28. Bf4 Be5 29. Bxh6 b4 30. Nd1 Bb5 0-1

[Event "AUT-ch U16 Girls"]
[Site "St Veit"]
[Date "2018.03.25"]
[Round "1"]
[White "Dodu, Crina Karina"]
[Black "Konecny, Sophie"]
[Result "0-1"]
[WhiteElo "1357"]
[BlackElo "1815"]
[PlyCount "56"]
[EventDate "2018.03.25"]
[EventType "swiss"]
[EventRounds "7"]
[EventCountry "AUT"]
[SourceTitle "EXT 2019"]
[Source "ChessBase"]
[SourceDate "2018.10.10"]
[SourceVersion "1"]
[SourceVersionDate "2018.10.10"]
[SourceQuality "1"]

1. e4 e6 2. d4 d5 3. e5 c5 4. Nf3 Nc6 5. Be2 Bd7 6. c3 Nge7 7. Be3 Ng6 8. 0-0 Be7 9. Re1 0-0 10. Nbd2 cxd4 11. cxd4 f6 12. Bd3 Qe8 13. Bb5 Ncxe5 14. dxe5 Bxb5 15. Bd4 Qf7 16. a4 Bc6 17. Rb1 fxe5 18. Bxe5 Nxe5 19. Rxe5 Bd6 20. Rg5 Bf4 21. Rg4 Bxd2 22. Qxd2 Qf5 23. h3 Qxb1+ 24. Kh2 Qf5 25. Qh6 Qf6 26. Qh5 Be8 27. Qg5 Qxg5 28. Rxg5 Bxa4 0-1

[Event "AUT-chT (Women) 1718"]
[Site "Austria"]
[Date "2018.01.19"]
[Round "4.1"]
[White "Mattersberger, Melanie"]
[Black "Konecny, Sophie"]
[Result "0-1"]
[WhiteElo "1644"]
[BlackElo "1830"]
[PlyCount "48"]
[EventDate "2017.11.24"]
[EventType "team-tourn"]
[EventRounds "9"]
[EventCountry "AUT"]
[SourceTitle "EXT 2019"]
[Source "ChessBase"]
[SourceDate "2018.10.10"]
[SourceVersion "1"]
[SourceVersionDate "2018.10.10"]
[SourceQuality "1"]
[WhiteTeam "Extraherb (W)"]
[BlackTeam "Mayrhofen/Zillertal (W)"]
[WhiteTeamCountry "AUT"]
[BlackTeamCountry "AUT"]

1. e4 e6 2. d4 d5 3. exd5 exd5 4. Nf3 Nf6 5. Bd3 c5 6. c3 Be7 7. Bf4 Bg4 8. Qa4+ Nbd7 9. Nbd2 a6 10. Qc2 Rc8 11. h3 Bh5 12. 0-0 0-0 13. Bf5 Bg6 14. dxc5 Bxc5 15. Rfe1 Qb6 16. Be3 d4 17. Bxd4 Bxd4 18. Nxd4 Qxd4 19. Bxg6 hxg6 20. Rad1 Qb6 21. Nf3 Rfe8 22. Rf1 Ne5 23. Nd4 Nc6 24. b3 Nxd4 0-1

[Event "AUT-chT (Women) 1718"]
[Site "Austria"]
[Date "2017.11.24"]
[Round "1.1"]
[White "Konecny, Sophie"]
[Black "Stangl, Helga"]
[Result "1-0"]
[WhiteElo "1830"]
[BlackElo "1631"]
[PlyCount "103"]
[EventDate "2017.11.24"]
[EventType "team-tourn"]
[EventRounds "9"]
[EventCountry "AUT"]
[SourceTitle "CBM 181 Extra"]
[Source "ChessBase"]
[SourceDate "2017.12.12"]
[SourceVersion "1"]
[SourceVersionDate "2017.12.12"]
[SourceQuality "1"]
[WhiteTeam "Mayrhofen/Zillertal (W)"]
[BlackTeam "St Veit/Glan (W)"]
[WhiteTeamCountry "AUT"]
[BlackTeamCountry "AUT"]

1. d4 Nf6 2. c4 e6 3. Nf3 Bb4+ 4. Bd2 Bxd2+ 5. Nbxd2 0-0 6. g3 d6 7. Bg2 Nbd7 8. Qc2 c5 9. 0-0 cxd4 10. Nxd4 Qb6 11. N2b3 Nc5 12. Rfd1 Bd7 13. Nxc5 dxc5 14. Nf3 Qc7 15. Rd2 Bc6 16. Nh4 Bxg2 17. Nxg2 Rad8 18. Rad1 Rxd2 19. Qxd2 b6 20. Ne3 h5 21. h4 Qe5 22. b3 Qe4 23. Ng2 Qc6 24. Nf4 Ne4 25. Qe3 Nf6 26. Qe5 Qe4 27. Qxe4 Nxe4 28. Nxh5 Nc3 29. Rd2 a5 30. a4 g6 31. Nf6+ Kg7 32. Ng4 Rh8 33. f3 Re8 34. Ne5 Kf6 35. Ng4+ Ke7 36. Ne5 Kf6 37. f4 Re7 38. Kg2 Kf5 39. Kf3 Kf6 40. e3 Nb1 41. Rd3 Na3 42. Nd7+ Kg7 43. Nxb6 Rc7 44. Ke2 Nc2 45. g4 Nb4 46. Rd2 Nc6 47. Rd7 Rxd7 48. Nxd7 f6 49. Nxc5 e5 50. Kf3 exf4 51. Kxf4 Kf7 52. h5 1-0

[Event "St Veit op-B 36th"]
[Site "St Veit"]
[Date "2017.07.13"]
[Round "7.5"]
[White "Konecny, Sophie"]
[Black "Pruesse, Horst"]
[Result "1/2-1/2"]
[WhiteElo "1778"]
[BlackElo "2064"]
[PlyCount "45"]
[EventDate "2017.07.08"]
[EventType "swiss"]
[EventRounds "9"]
[EventCountry "AUT"]
[SourceTitle "EXT 2024"]
[Source "ChessBase"]
[SourceDate "2023.10.10"]
[SourceVersion "1"]
[SourceVersionDate "2023.10.10"]
[SourceQuality "1"]

1. b3 Nc6 2. Bb2 e5 3. e3 Nf6 4. Bb5 d6 5. d4 Bd7 6. Nf3 e4 7. Nfd2 a6 8. Be2 d5 9. c4 Bd6 10. Nc3 Nb4 11. 0-0 c6 12. f3 Qe7 13. a3 exf3 14. Nxf3 Qxe3+ 15. Kh1 Ne4 16. Rc1 Nf2+ 17. Rxf2 Qxf2 18. Qd2 g5 19. Rf1 Bf4 20. Rxf2 Bxd2 21. Nxd2 Nc2 22. Bh5 0-0-0 23. c5 1/2-1/2